| 000 | 01452nam a2200457 i 4500 | ||
|---|---|---|---|
| 001 | 49700 | ||
| 003 | KOSZ 005 | ||
| 005 | 20220512140723.0 | ||
| 008 | 000320s1980 pl |000 0 pol d | ||
| 015 | _aUWD 1980/9357 | ||
| 020 | _a8320200792 | ||
| 035 | _a991013550709705066 | ||
| 035 | _a(PL-WaBN)b13649772-48omnis_nlop | ||
| 035 | _ab13649772 | ||
| 035 | _a(OCoLC)749448368 | ||
| 035 | _azz2007922763 | ||
| 035 | _a(PL)b0000001364977 | ||
| 035 | _a(EXLNZ-48OMNIS_NETWORK)9910302492305606 | ||
| 040 |
_aWA N _cWA N _dKOSZ 005/HR |
||
| 041 | 0 | _apol | |
| 046 | _k1980 | ||
| 080 | _a37.018.1 | ||
| 100 | 1 |
_aPielkowa, Józefa Anna _eAutor |
|
| 245 | 1 | 0 |
_aMoje dziecko jest niegrzeczne / _cJózefa Pielkowa. |
| 260 |
_aWarszawa : _bInstytut Wydawniczy CRZZ [Centralnej Rady Związków Zawodowych], _c1980. |
||
| 300 |
_a62, [2] s. ; _c15 cm. |
||
| 336 |
_aTekst _btxt _2rdacontent |
||
| 337 |
_aBez urządzenia pośredniczącego _bn _2rdamedia |
||
| 338 |
_aWolumin _bnc _2rdacarrier |
||
| 380 | _aKsiążki | ||
| 388 | _a1901-2000 | ||
| 388 | _a1945-1989 | ||
| 490 | 1 | _aRodzina i Dom | |
| 650 | 7 |
_aWychowanie w rodzinie _2DBN |
|
| 655 | 7 |
_aWydawnictwa popularne _2DBN |
|
| 658 | _aRodzina, relacje międzyludzkie | ||
| 830 | 0 | _aRodzina i Dom | |
| 856 |
_uhttp://koha.tu.koszalin.pl/cgi-bin/koha/opac-detail.pl?biblionumber=49700 _yKatalog online BPK |
||
| 942 |
_2UKD _cKS |
||
| 999 |
_c49700 _d49700 |
||